Small city houses = (Record no. 9264)

MARC details
000 -LEADER
fixed length control field 00960nac a22002891u 4500
003 - CONTROL NUMBER IDENTIFIER
control field EG-ScBUE
005 - DATE AND TIME OF LATEST TRANSACTION
control field 20221213100339.0
008 - FIXED-LENGTH DATA ELEMENTS--GENERAL INFORMATION
fixed length control field 221213t2006 gw a f 000 0 eng d
020 ## - INTERNATIONAL STANDARD BOOK NUMBER
International Standard Book Number 3822851434
020 ## - INTERNATIONAL STANDARD BOOK NUMBER
International Standard Book Number 9783822851432
040 ## - CATALOGING SOURCE
Original cataloging agency EG-ScBUE
Language of cataloging eng
Description conventions rda
Transcribing agency EG-ScBUE
Modifying agency EG-ScBUE
082 04 - DEWEY DECIMAL CLASSIFICATION NUMBER
Classification number 728.3
Item number STA
Edition number 22
100 1# - MAIN ENTRY--PERSONAL NAME
Personal name Stadthäuser, Kleine,
Relator term author.
245 10 - TITLE STATEMENT
Title Small city houses =
Remainder of title Petites maisons de ville /
Statement of responsibility, etc Kleine Stadthäuser.
246 31 - VARYING FORM OF TITLE
Title proper/short title Petites maisons de ville
264 #1 - PUBLICATION, DISTRIBUTION, ETC. (IMPRINT)
Place of publication, distribution, etc Koln :
Name of publisher, distributor, etc Evergreen,
Date of publication, distribution, etc [2006]
264 #4 - PUBLICATION, DISTRIBUTION, ETC. (IMPRINT)
Date of publication, distribution, etc c2006
300 ## - PHYSICAL DESCRIPTION
Extent 188 pages :
Other physical details illustrations (chiefly color) ;
Dimensions 20 cm
650 #7 - SUBJECT ADDED ENTRY--TOPICAL TERM
Topical term or geographic name as entry element Small houses.
Source of heading or term BUEsh
650 #7 - SUBJECT ADDED ENTRY--TOPICAL TERM
Topical term or geographic name as entry element Architecture, Domestic.
Source of heading or term BUEsh
650 #7 - SUBJECT ADDED ENTRY--TOPICAL TERM
Topical term or geographic name as entry element Small houses
Form subdivision Designs and plans.
Source of heading or term BUEsh
650 #7 - SUBJECT ADDED ENTRY--TOPICAL TERM
Topical term or geographic name as entry element Architect-designed houses
Form subdivision Designs and plans.
Source of heading or term BUEsh
650 #7 - SUBJECT ADDED ENTRY--TOPICAL TERM
Topical term or geographic name as entry element Architecture, Modern
Chronological subdivision 21st century.
Source of heading or term BUEsh
653 ## - INDEX TERM--UNCONTROLLED
Resource For college Engineering, Architecture
655 ## - INDEX TERM--GENRE/FORM
Form subdivision Reading book
942 ## - ADDED ENTRY ELEMENTS (KOHA)
Koha item type Book - Borrowing
Source of classification or shelving scheme Dewey Decimal Classification
Holdings
Withdrawn status Lost status Source of classification or shelving scheme Damaged status Not for loan Collection code Home library Current library Shelving location Date acquired Source of acquisition Total Checkouts Total Renewals Full call number Barcode Date last seen Date checked out Price effective from Koha item type
    Dewey Decimal Classification     Alahram Central Library Central Library Second Floor 24/04/2008 Purchase 4 13 728.3 STA 000011320 15/07/2025 19/03/2019 24/04/2008 Book - Borrowing